Least Forested European Countries - Statistics

General Stats
  • This quiz has been taken 54,055 times
    25,655 since last reset
  • The average score is 7 of 10
Answer Stats
% Country % Correct
9.39 United Kingdom
90%
6.43 Ireland
84%
0.361 Iceland
83%
5.22 Malta
80%
9.23 Netherlands
77%
11.8 Denmark
76%
8.03 San Marino
74%
15.5 Ukraine
53%
8.68 Moldova
52%
18.5 Hungary
44%
No matching quizzes found
Score Distribution
Percent of People with Each Score
Percentile by Number Answered
Your Score History
You have not taken this quiz since the last reset